000 00363 a2200157 4500
001 190467
020 _a0-340-72654-7
040 _cMagnum
100 _aNewman, Nanette
240 1 0 _aUp to the skies and down again
_lING
245 1 0 _aUp to the skies and down again
300 _a23
362 0 _a1999
697 _aLITERATURA INFANTIL INGLESA
942 _cBK
999 _c190467
_d190467